|
|
|
|
| LEADER |
02211nam a2200445 a 4500 |
| 001 |
mzk03001205538 |
| 003 |
CZ BrMZK |
| 005 |
20140911180651.0 |
| 007 |
ta |
| 008 |
010907s1898 fr a fr|||||00| ||latod |
| 040 |
|
|
|a BOA001
|b cze
|
| 072 |
|
7 |
|a 2
|x Náboženství
|2 Konspekt
|9 5
|
| 072 |
|
7 |
|a 094.5
|x Tisky (19. století)
|2 Konspekt
|9 12
|
| 080 |
|
|
|a 2-277.3
|2 MRF
|
| 080 |
|
|
|a 025.171
|2 MRF
|
| 100 |
0 |
|
|a Dionysius Carthusianus,
|d 1402-1471
|7 ola2006357377
|4 aut
|
| 245 |
1 |
0 |
|a Doctoris ecstatici D. Dionysii Cartuasiani Opera Omnia in unum corpus digesta ad fidem editionum coloniensium cura et labore monachorum sacri ordinis cartusiensis favente pont. max. Leone XIII,
|p In Proverbia, Ecclesiasten, Canticum Canticorum, Sapientiam
|
| 246 |
3 |
0 |
|a Opera Omnia
|
| 260 |
|
|
|a Monstrolii :
|b Typis Cartusiae S.M. de Pratis,
|c 1898
|f (J. Arnaune typographus)
|
| 300 |
|
|
|a XVI, 629 s. ;
|c 8°
|
| 500 |
|
|
|a Výzdoba: Titulní list v rámci složeného z výjevů z Písma, text tištěn červeně a černě, na celostránkovém vyobrazení Dionysius
|
| 500 |
|
|
|a Vnitřní titulní listy započítané v paginaci
|
| 500 |
|
|
|a Titulní list tištěn majuskulou
|
| 563 |
|
|
|a Lepenkové desky potažené na hřbetě a rozích koženkou, hřbet se zlacením, desky potažené stříkaným papírem, stříkaná ořízka
|
| 650 |
|
7 |
|a exegeze posvátných textů
|7 ph730199
|2 czenas
|
| 630 |
0 |
7 |
|a Bible.
|p Přísloví
|7 unn2006374761
|2 czenas
|
| 630 |
0 |
7 |
|a Bible.
|p Kazatel
|7 unn2006374737
|2 czenas
|
| 630 |
0 |
7 |
|a Bible.
|p Píseň písní
|7 unn2006374760
|2 czenas
|
| 630 |
0 |
7 |
|a Bible.
|p Deuterokanonické knihy.
|p Kniha moudrosti
|7 unn2006374721
|2 czenas
|
| 650 |
|
7 |
|a historické knihovní fondy
|7 ph172933
|2 czenas
|
| 856 |
4 |
1 |
|u https://imageserver.mzk.cz/mzk03/001/205/538/328100204990.titul.jp2
|y Titulní list
|
| 910 |
|
|
|e BOE950
|c R - R. III. a. 7
|
| 978 |
|
|
|b Typis Cartusiae S.M. de Pratis
|a Montreuil-sur-Mer
|c 1898
|
| 978 |
|
|
|b Arnaune, J.
|a Montreuil-sur-Mer
|c 1898
|
| 984 |
|
|
|a Montreuil-sur-Mer
|b Francie
|
| 985 |
|
|
|a 1851-1900
|
| 990 |
|
|
|a BK
|
| 996 |
|
|
|e BOE950
|c R - R. III. a. 7
|
| 980 |
|
|
|c 204990
|g R - R. III. a. 7
|1 328100204990
|p [etiketa] Biblioth. Raig. O.S.B. B.Nr. 33.502, Sig.
|
| 991 |
|
|
|k rajhrad
|